| 000 | 00600nam a22002177a 4500 | ||
|---|---|---|---|
| 003 | OSt | ||
| 005 | 20210527100730.0 | ||
| 008 | 210527s2009 ||||| |||| 00| 0 eng d | ||
| 020 | _a9780763765860 | ||
| 040 |
_aeng _beng _cDLC |
||
| 041 | _aeng | ||
| 080 |
_a61 _bR-82 |
||
| 100 |
_91429 _aRothrock, G. Steven |
||
| 245 |
_aTarascon Adult Emergency Pocketbook _c/ by: Jones and Bartlett Publishers |
||
| 250 | _a4th edition | ||
| 260 |
_aSudbury, MA _bJones and Bartlett Publishers _c2009 |
||
| 300 | _a222 p. | ||
| 650 | 0 |
_969 _aMedicine |
|
| 653 | _aმედიცინა | ||
| 942 |
_2udc _cBK _e4 |
||
| 999 |
_c2241 _d2241 |
||